Регионална библиотека "Любен Каравелов" - Русе

Икономика и организация на вътрешната търговия в България (Запис номер 164311)

MARC детайли
000 -Лидер
Контролно поле с фиксирана дължина nam a22 a 4500
003 - Код на организацията, давaща контролен номер
Контролно поле BLK
005 - Дата и час на последна редакция
Контролно поле 20220705092003.0
008 - Елементи от данни с фиксирана дължина
fixed length control field 180410b bul|||||r ||||||| ||bul||
010 ## - Наследен системен номер
LC control number KNG00171821000
040 ## - Източник на каталожния запис
Идентификатор на билиотеката - собственик на записа BLK
041 ## - Код за език
Код за езика на текст/звукозапис или на отделно заглавие Български
Код за езика КДБФ Български
080 ## - УДК
Текстов определител УДК Вътрешна търговия. Вж и 347.7 ; 657 ; 658
УДК код - определител по УДК 339.3
УДК определител (075.8)
УДК - код + определител 339.3(075.8)
080 ## - УДК
УДК код - определител по УДК 658.6/.8
УДК определител :339.3(075.8)
УДК - код + определител 658.6/.8:339.3(075.8)
100 1# - Редна дума - Автор
Автор Виденов, Иван
Авторска отговорност първи автор
R(LIN) 336318
139 ## - Редно поле
Редна дума Виденов, Иван
Авторски знак Вид - В 57
245 10 - Сведения за заглавието
Заглавие Икономика и организация на вътрешната търговия в България
Подзаглавни данни Учебник за студентите от висшите икон. инст. : Ч. 1 -
Редно поле (дума) Иван Виденов; съавт. Ангел Чаушев; съавт. Георги Петров.
Том Ч. 2
257 ## - Страна на издаване
Страна на създаване/издаване България
260 ## - Област на издателските данни
Място на издаване, разпространение и проч. София
Име на издателя, разпространителя и проч. Наука и изкуство
Година на издаване 1970
Печатница Плевен : Ал. Пъшев
300 ## - Физическа характеристика
Размери/Мащаб 23 см
380 ## - Жанр
Жанр Обществени науки
650 #4 - Допълнително описание по предмет – тема
Основно описание – тема или топоним Вътрешна търговия - икономика
9 (RLIN) 275989
650 #4 - Допълнително описание по предмет – тема
Основно описание – тема или топоним Вътрешна търговия - организация
9 (RLIN) 275446
700 1# - Други автори (авторска отговорност)
Лично име Чаушев, Ангел
Автороска отговорност (Описва отношението между автора и произведението) съавт.
9 (RLIN) 275445
700 1# - Други автори (авторска отговорност)
Лично име Петров, Георги
Автороска отговорност (Описва отношението между автора и произведението) съавт.
9 (RLIN) 366355
760 1# - Описание на основната серия
Редна дума на основното описание Виденов, Иван
Място на издаване, издател и година 1971
Страници - том 269 с. : с табл.
Забележка - том 3 066 тир.
Заглавие Ч. 2
852 ## - Местоположение
Форматна сигнатура Цб 55311
Фондова буква Хранилище
856 4# - Електронен адрес и достъп
Електронен формат pdf - файл
856 4# - Електронен адрес и достъп
Електронен формат pdf - файл
999 ## - СИСТЕМНИ КОНТРОЛНИ НОМЕРА
Koha biblionumber 164311
Koha biblioitemnumber 164311
942 ## - АРТИКУЛИ
Вид на библиотечния материал Книги
Скрит в OPAC Не
Периодичен библиозапис Да
944 ## - СЪЗДАВАНЕ И РЕДАКЦИЯ на ЗАПИСА
Създаване/Редакция Създаване
Дата на регистрацията/редакция 21.02.2015
Статус, дата на статуса 21.02.2015 - от С1,Р / 21.02.2015
Служител, извършил регистрацията/редакцията Любка_Николова
944 ## - СЪЗДАВАНЕ И РЕДАКЦИЯ на ЗАПИСА
Създаване/Редакция Редакция
Дата на регистрацията/редакция 2022-07-05
Служител, извършил регистрацията/редакцията ир
999 ## - СИСТЕМНИ КОНТРОЛНИ НОМЕРА
Koha biblioitemnumber 164311
Наличности
Код за отписване Код за изгубен артикул Източник на класификационната схема Код за повреда Коз за рестрикции Код за отдаване Артикулен № Име на библиотеката - собственик Име на библиотеката, в която се намира в момента Статус (Текущо местоположение) Дата на вписване в системата Местоположение - отдел Цена в лева Инвентарен номер Систематично азбучна сигнатура Баркод Номер на екземпляра Цена в евро Служебна бележка Служебен тип на артикула
  Не е изгубен Universal Decimal Classification Не е повреден само за читалня ползва се в читалня 276130 Регионална библиотека "Любен Каравелов" Русе Регионална библиотека "Любен Каравелов" Русе Хранилище 1971-01-01 Хранилище 0.00 106338 Цб 55311 120000106338 1 0.00 N: стар фонд Дата: 01.01.1971 Книги
Изтеглен Не е изгубен Universal Decimal Classification Не е повреден без рестрикции заемане за дома 276131 Регионална библиотека "Любен Каравелов" Русе Регионална библиотека "Любен Каравелов" Русе Заемна - подръчен фонд 1971-01-01 Заемна - подръчен фонд 1.10 105468 П 339.3/В 57 105468 2 0.56 N: стар фонд Дата: 01.01.1971 Дата инв: 05.02.2018 Бележки инв: П2018 Книги
Изтеглен Не е изгубен Universal Decimal Classification Не е повреден без рестрикции заемане за дома 276132 Регионална библиотека "Любен Каравелов" Русе Регионална библиотека "Любен Каравелов" Русе Заемна - подръчен фонд 1971-01-01 Заемна - подръчен фонд 1.10 609546 П 339.3/В 57 609546 3 0.56 N: стар фонд Дата: 01.01.1971 Дата инв: 05.02.2018 Бележки инв: П2018 Книги
Vip Innovations Ltd, Rousse, Bulgaria 2025